Australian Airlines - Sudden Death - Statistics

General Stats
  • This quiz has been taken 104 times
  • The average score is 6 of 16
Answers on the Grid
Answers color-coded by a green-red scale on the quiz's grid according to % correct below.
Qantas
FlightWest Airlines
Ansett Australia
Southwest
Sunstate Airlines
Dana Air
JetBlue
LATAM
Australian National Airways
Hainan Airlines
Tigerair Australia
V Australia
Virgin Australia
Batik Air
Jetstar
Lauda Air
easyJet
Australian Airlines
East-West Airlines
Trans Australia Airlines
OZJet
RyanAir
Compass Airlines
Air Niugini
Adria Airways
Kendall Airlines
KLM
Aussie Airlines
Bonza
Lufthansa
Regional Express (Rex)
Down Under Air
 
Answer Stats
Answer % Correct
Qantas
95%
Virgin Australia
70%
Ansett Australia
59%
Australian National Airways
49%
Tigerair Australia
44%
Jetstar
39%
Trans Australia Airlines
39%
V Australia
38%
Australian Airlines
36%
Regional Express (Rex)
28%
Sunstate Airlines
26%
Bonza
21%
East-West Airlines
11%
FlightWest Airlines
10%
Compass Airlines
8%
Kendall Airlines
8%
No matching quizzes found
Score Distribution
Percent of People with Each Score
Percentile by Number Answered
Your Score History
You have not taken this quiz